000 00941nam a22002057a 4500
999 _c61349
_d61349
005 20240222121057.0
008 240220s2023 ge ||||| |||| 00| 0 fre d
020 _a9789941488757
041 _afre
080 _a821.133.1(075.8) D-53
100 _aDiasamidzé, Victoria
_95476
245 _aManuel De La littérature Française Contemporaine :
_bXX-XXI ss. Cours théoriques et Pratique /
_cVictoria Diasamidzé; Red. Zourab Artchvadzé.
264 _aBatoumi :
_bUniversité d' État Chota Roustaveli,
_c2023.
300 _a582 p.:
_bill.;
_c30 cm.
521 _aBibliogr. p. 578-579
653 _aთანამედროვე ფრანგული ლიტერატურის სახელმძღვანელო
653 _aთეორიული და პრაქტიკული კურსები
700 _aArtchvadzé, Zourab
_eრედაქტორი
_921261
942 _2udc
_cᲬᲘᲒᲜᲘ